[Event "4NCL Div 1 2018-19"]
[Site "Telford"]
[Date "2019.02.10"]
[Round "6.9"]
[White "Grandelius, Nils"]
[Black "Gordon, Stephen J"]
[Result "1-0"]
[WhiteElo "2679"]
[BlackElo "2544"]
[Annotator "TA"]
[PlyCount "123"]
[EventDate "2018.11.10"]
[EventType "team-tourn"]
[EventCountry "GBR"]
[SourceTitle "playchess.com"]
[Source "ChessBase"]
[SourceQuality "1"]

{[%evp 20,123,29,18,18,33,28,21,21,18,22,22,7,22,22,18,26,26,31,36,36,19,20,0,0,0,16,13,12,18,18,12,29,15,14,14,13,12,21,18,24,11,90,84,71,82,78,59,59,60,59,51,64,51,40,35,70,29,50,33,39,54,217,217,217,217,29945,29945,29940,5058,29948,29947,29950,29949,29949,29952,29947,12847,12849,12848,29948,29948,29952,29950,29952,29950,29940,9054,29949,29951,29962,29965,29962,29966,29966,29966,29967,29968,29968,29967,29966,29967,29957,12660,10380,9589]} 1. e4 c5 2. Nf3 d6 3. d4 cxd4 4. Nxd4 Nf6 5. Nc3 a6 6. Bg5 Nbd7 7. Bc4 Qb6 {B94: Sicilian Najdorf: 6 Bg5 Nbd7} (7... h6 8. Bh4 g6 9. Qe2 Bg7 10. O-O-O O-O 11. Bb3 Qc7 12. Kb1 Rb8 13. f4 e5 14. fxe5 dxe5 15. Nf3 b5 16. g4 {1-0 (61) Nepomniachtchi,I (2751)-Korobov,A (2678) Poikovsky 2018}) 8. Bb3 e6 9. a4 Qa5 10. Qd2 Be7 11. f3 {LiveBook: 3 Games} O-O $146 ({Predecessor:} 11... h6 12. Be3 Nc5 13. Ba2 Qb4 14. O-O Bd7 15. a5 {½-½ (39) Potkin,V (2576)-Sorokin,A (2469) Sochi 2017}) 12. O-O Kh8 13. Kh1 Nc5 14. Ba2 Bd7 15. Rfb1 {And now b4 would win.} Nxa4 16. Bb3 {[%cal Rc3a4]} b5 17. Nxa4 Qxd2 18. Bxd2 {Black must now prevent Nb6.} bxa4 19. Bxa4 Rfc8 20. c3 Bd8 21. Bc2 {[%cal Ba4c2,Bc2d3,Bd3b5][%mdl 32]} a5 22. Bd3 d5 23. e5 Ng8 24. Nb5 Bxb5 25. Bxb5 Rab8 26. Bd3 $36 {[%mdl 2048] White is more active.} Bb6 27. g3 Ne7 28. Kg2 Nc6 29. f4 Bc5 30. Ra4 h5 (30... Rb3 $1 $11) 31. b4 $16 axb4 32. cxb4 Bb6 33. Rc1 g6 34. b5 Ne7 35. Rxc8+ Nxc8 36. Bb4 Kg7 37. Kf3 Na7 38. h3 Rb7 39. g4 hxg4+ 40. hxg4 Bd8 $2 {[#]} (40... Bg1 $14) 41. Bc5 $1 $18 Nxb5 42. Rb4 Ba5 $2 (42... g5 $18 43. Rxb5 Rxb5 44. Bxb5 gxf4 45. Kxf4 Kg6) 43. Rxb5 Rxb5 44. Bxb5 Bc3 45. Be7 Bd4 46. Ke2 Bb2 47. Kd2 Bd4 48. Bd3 (48. Bf6+ $142 Kg8 49. Kd3 Ba7 50. Bd7 Kh7 51. Bh4 Kh6 52. Bg5+ Kh7 53. f5 exf5 54. gxf5 gxf5 55. Bxf5+ Kg7 56. Bd2) 48... Kg8 49. Bf6 Kf8 50. Bb5 Bb2 51. Bc6 Ba1 52. Kd3 Bb2 {[#]} 53. f5 $1 gxf5 (53... exf5 54. gxf5) 54. gxf5 Ba1 55. Bd7 exf5 56. Bxf5 Bb2 57. Bg4 Ba1 58. Bf3 d4 59. Ke4 Bc3 60. Be2 Bb2 61. Bc4 (61. Bd8 $142 Kg7 62. Bc4 Kg6 63. Bb6 d3 64. Bxd3 Kg7 65. Bd4 Ba3 66. Kd5) 61... Bc3 62. Bh4 {Precision: White = 71%, Black = 42%.} 1-0

[Event "4NCL Div 1 2018-19"]
[Site "Telford"]
[Date "2019.02.10"]
[Round "6.9"]
[White "Turner, Matthew J"]
[Black "Speelman, Jon S"]
[Result "1/2-1/2"]
[WhiteElo "2536"]
[BlackElo "2508"]
[Annotator "ChessBase"]
[PlyCount "32"]
[EventDate "2018.11.10"]
[EventType "team-tourn"]
[EventCountry "GBR"]
[SourceTitle "playchess.com"]
[Source "ChessBase"]
[SourceQuality "1"]
[TimeControl "40/6000+30:3000+30"]

1. e4 {[%emt 0:00:00]} e6 {[%emt 0:00:05]} 2. d4 {[%emt 0:00:54]} d5 {[%emt 0:00:06]} 3. Nd2 {[%emt 0:01:24]} c5 {[%emt 0:00:13]} 4. exd5 {[%emt 0:01:21]} Qxd5 {[%emt 0:00:05]} 5. dxc5 {[%emt 0:00:59]} Qxc5 {[%emt 0:00:07]} 6. Ngf3 {[%emt 0:00:25]} Nf6 {[%emt 0:00:15]} 7. Bd3 {[%emt 0:01:28]} Nbd7 {[%emt 0:02:19]} 8. O-O {[%emt 0:01:55]} Qc7 {[%emt 0:03:56]} 9. Re1 {[%emt 0:01:32]} b6 {[%emt 0:00:44]} 10. b3 {[%emt 0:02:01]} Bb7 {[%emt 0:01:43]} 11. Bb2 {[%emt 0:00:12]} Be7 {[%emt 0:01:25]} 12. Ne5 {[%emt 0:05:13]} O-O {[%emt 0:00:08]} 13. Nxd7 {[%emt 0:25:36]} Qxd7 {[%emt 0:02:39]} 14. Ne4 {[%emt 0:03:14]} Nxe4 {[%emt 0:01:16]} 15. Bxe4 {[%emt 0:00:04]} Qxd1 {[%emt 0:00:10]} 16. Raxd1 {[%emt 0:00:05]} Bxe4 {[%emt 0:00:35]} 1/2-1/2

[Event "4NCL Div 1 2018-19"]
[Site "Telford"]
[Date "2019.02.10"]
[Round "6.10"]
[White "Tan, Justin"]
[Black "Griffiths, Ryan Rhys"]
[Result "1-0"]
[WhiteElo "2508"]
[BlackElo "2358"]
[Annotator "TA"]
[PlyCount "81"]
[EventDate "2018.11.10"]
[EventType "team-tourn"]
[EventCountry "GBR"]
[SourceTitle "playchess.com"]
[Source "ChessBase"]
[SourceQuality "1"]

{[%evp 11,81,52,64,21,28,-3,10,0,16,22,22,28,15,20,27,14,19,15,15,16,33,0,46,-37,160,-490,26,0,0,0,0,-30,0,0,0,0,0,-6,-11,-25,0,0,0,0,0,0,34,40,66,63,97,84,163,164,165,102,151,141,456,466,459,452,881,891,881,828,1181,1162,1604,1625,2075,1988]} 1. d4 Nf6 2. c4 e6 3. Nf3 Nc6 4. e3 Bb4+ 5. Nbd2 O-O 6. Bd3 Re8 7. Ne5 $146 {E11: Bogo-Indian} ({Predecessor:} 7. a3 Bf8 8. Qc2 d5 9. O-O a5 10. b3 g6 11. Bb2 Nb8 12. Rfe1 Nbd7 13. Rac1 c6 14. e4 dxe4 15. Bxe4 {½-½ (56) Jensen,B (2258)-Cousins,R (2241) ICCF email 2014}) 7... d5 8. Qc2 (8. O-O {looks sharper.} Nxe5 9. dxe5 Nd7 10. Nf3 c6 11. b3) 8... dxc4 9. Qxc4 {The position is equal.} Qd5 10. Nxc6 Qxc4 11. Bxc4 bxc6 12. O-O c5 13. a3 Bxd2 $1 14. Bxd2 cxd4 15. exd4 Rd8 16. Ba5 Rd6 17. d5 (17. Rfd1 $14) 17... Rxd5 $2 (17... exd5 $15 {stays ahead.} 18. Be2 Re6) 18. Rac1 $2 ({Don't blunder} 18. Bxc7 $2 Rc5 $19) (18. Bxd5 $16 {is forced if you want to stay better.} Nxd5 19. Rfc1) 18... Rd4 $2 (18... Rxa5 $19 19. Rfd1 Bd7) 19. Rcd1 (19. Bxc7 {with more complications.} Nd5 20. Bg3 Bb7 21. f3 Nb6 22. Bb3) 19... Rxd1 20. Rxd1 {Threatening mate with Rd8+.} Bd7 21. Ba6 c6 22. Bc7 Nd5 23. Bb7 Re8 24. Bd6 Rd8 25. Bg3 f6 26. b4 Kf7 27. f3 Ke8 28. Rc1 Kf7 29. Rc5 Ne7 30. Bc7 Rg8 31. Ra5 $1 e5 (31... Nc8 $16 {might work better.}) 32. Rxa7 $18 Ke6 {[#]} 33. Bb6 ({Better is} 33. Ba6 $1 $18) 33... Nd5 34. Bc5 Nc3 $2 {[%mdl 8192]} (34... Nc7 $16 {is more resistant.} 35. Bxc6 Bxc6) 35. Ba6 {White is clearly winning.} Nb5 {[#]} 36. a4 $1 {[%cal Ba3a4,Ba4a5,Ba5a6][%mdl 32]} Nc3 (36... Nd6 $142 37. Bd3 Rd8) 37. Bc4+ Nd5 38. b5 {[%cal Bb4b5,Bb5b6][%mdl 32]} Rc8 39. b6 f5 40. a5 e4 41. a6 {Precision: White = 57%, Black = 24%.} 1-0

[Event "4NCL Div 1 2018-19"]
[Site "Telford"]
[Date "2019.02.10"]
[Round "6.10"]
[White "Guichard, Pauline"]
[Black "Howell, David W L"]
[Result "0-1"]
[WhiteElo "2382"]
[BlackElo "2697"]
[Annotator "TA"]
[PlyCount "84"]
[EventDate "2018.11.10"]
[EventType "team-tourn"]
[EventCountry "GBR"]
[SourceTitle "playchess.com"]
[Source "ChessBase"]
[SourceQuality "1"]

{[%evp 17,84,-7,-7,-24,0,-4,0,-16,0,0,6,0,-5,-4,0,-6,-16,-32,-31,-39,-37,-81,-83,-93,-74,-177,-81,-106,-94,-84,-29,-156,-148,-497,-362,-350,-362,-353,-349,-365,-312,-487,-487,-466,0,-871,-868,-855,-788,-1262,-879,-848,-828,-1094,-1053,-29970,-803,-29973,-29971,-29969,-29968,-29982,-29983,-29981,-29983,-29981,-29983,-29992,-29993]} 1. Nf3 g6 2. c4 Bg7 3. Nc3 c5 4. e3 Nf6 5. d4 cxd4 6. Nxd4 O-O 7. Be2 d5 8. O-O dxc4 9. Bxc4 a6 10. Be2 {D94: Grünfeld: 4 Nf3 Bg7 5 e3} b5 11. b4 e5 $146 ({Predecessor:} 11... Bb7 12. a4 bxa4 13. Nxa4 Nbd7 14. Bb2 Qb8 15. Ba3 Rd8 16. Rc1 Nd5 17. Qd2 N7b6 {1-0 (34) Irzhanov,R (2503)-Annageldyev,O (2455) Beirut 2000}) 12. Nb3 {The position is equal.} Qe7 13. a4 Rd8 (13... Qxb4 $6 14. Ba3 $16) 14. Qc2 Nc6 ({Don't play} 14... Qxb4 $6 15. Ba3 $16) 15. axb5 Nxb4 16. Qb1 Qc7 $36 {[%mdl 2048] Black has good play.} 17. Bb2 Bf5 18. e4 Be6 19. Ra3 Bf8 $1 20. Rc1 Qb8 21. Na4 {[#]} (21. h3 $17 {might work better.}) 21... axb5 (21... Nd3 $1 $19 {[%mdl 512] and Black stays clearly on top.} 22. Bxd3 Bxa3 23. Bxa3 axb5) 22. Nac5 $17 Bxb3 23. Rxb3 Rd2 ({Better is} 23... Na2 $17 24. Rc2 b4) 24. Rxb4 (24. Bf1 $11 {was the only way to keep the balance.} Na2 25. Rxb5 Nxc1 26. Bxc1) 24... Rxe2 25. Kf1 $2 {[%mdl 8192]} (25. h3 $17 {was the crucial defense.}) 25... Rd2 26. Bc3 {[#]} Rxf2+ $1 {[%mdl 512]} 27. Kxf2 {Hoping for Be1.} Bxc5+ 28. Kf3 Bxb4 ({Not} 28... Qc8 29. h3 $19) 29. Qxb4 (29. Bxb4 {was the only chance.} Kg7 30. Qc2) 29... Ra4 $19 30. Qe7 {[#] Threatens to win with Rd1.} Rxe4 $2 (30... Qa8 $1 $19 {[%cal Ra8e4]} 31. Qxe5 Rxe4 32. Qxf6 Re6+ 33. Kf2 Rxf6+ 34. Bxf6 Qa7+ 35. Ke2 Qd7) 31. Qxf6 $4 {[%mdl 8192]} (31. Rd1 $11 Rf4+ 32. Ke2 Re4+ 33. Kf1 Rf4+ 34. Ke2 Re4+ 35. Kf1 Rf4+ 36. Ke2) 31... Rf4+ 32. Qxf4 exf4 {[%mdl 4096] Endgame KQ-KRB} 33. Bf6 h6 34. Rd1 Qb7+ 35. Kxf4 g5+ 36. Kg3 Kh7 (36... Qb8+ $142 37. Kf2 Qf4+ {[%mdl 64] Double Attack} 38. Kg1 Qxf6 39. Re1 Qd4+ 40. Kh1 b4 41. Rf1 b3 42. g4 Qe4+ 43. Kg1 b2 44. Kf2 Qf4+ 45. Kg2 {[#]} Qxf1+ $1 {[%mdl 576] Remove Defender, Promotion} 46. Kxf1 b1=Q+ 47. Ke2 Qc2+ 48. Ke3 Qxh2 49. Ke4 Qf4+ 50. Kd3 Qxg4 51. Kd2 h5 52. Kd3 h4 53. Ke3 h3 54. Kd2 h2 55. Ke3 h1=Q 56. Kd3 Qhd1+ 57. Ke3 Qf4#) 37. Rd2 Qe4 {Black mates.} 38. Rf2 Kg6 39. Bb2 Qe3+ 40. Rf3 Qe1+ 41. Rf2 f5 42. h3 f4+ {Accuracy: White = 28%, Black = 55%.} 0-1

[Event "4NCL Div 1 2018-19"]
[Site "Telford"]
[Date "2019.02.10"]
[Round "6.11"]
[White "Fodor, Tamas Jr."]
[Black "Longson, Alexander"]
[Result "1-0"]
[WhiteElo "2520"]
[BlackElo "2322"]
[Annotator "ChessBase"]
[PlyCount "57"]
[EventDate "2018.11.10"]
[EventType "team-tourn"]
[EventCountry "GBR"]
[SourceTitle "playchess.com"]
[Source "ChessBase"]
[SourceQuality "1"]
[TimeControl "40/6000+30:3000+30"]

1. d4 {[%emt 0:00:00]} d5 {[%emt 0:00:00]} 2. c4 {[%emt 0:00:10]} dxc4 {[%emt 0:00:00]} 3. Nf3 {[%emt 0:01:03]} Nf6 {[%emt 0:00:13]} 4. e3 {[%emt 0:00:12]} e6 {[%emt 0:00:48]} 5. Bxc4 {[%emt 0:00:08]} c5 {[%emt 0:00:14]} 6. O-O {[%emt 0:00:47]} a6 {[%emt 0:00:13]} 7. Qe2 {[%emt 0:00:07]} b5 {[%emt 0:01:23]} 8. Bd3 {[%emt 0:00:08]} Bb7 {[%emt 0:12:33]} 9. a4 {[%emt 0:03:19]} b4 {[%emt 0:04:16]} 10. Nbd2 {[%emt 0:04:31]} Nbd7 {[%emt 0:06:53]} 11. Nc4 {[%emt 0:04:02]} Be7 {[%emt 0:10:49]} 12. Rd1 {[%emt 0:02:39]} O-O {[%emt 0:08:17]} 13. e4 {[%emt 0:08:27]} cxd4 {[%emt 0:06:23]} 14. e5 {[%emt 0:00:09]} Nd5 {[%emt 0:03:10]} 15. Nxd4 {[%emt 0:00:15]} Nc5 {[%emt 0:08:40]} 16. Qg4 {[%emt 0:03:17]} Kh8 {[%emt 0:05:02]} 17. Bc2 {[%emt 0:04:06]} Rc8 {[%emt 0:05:29]} 18. Qh3 {[%emt 0:07:05]} g6 {[%emt 0:01:17]} 19. Bh6 {[%emt 0:01:40]} Rg8 {[%emt 0:04:02]} 20. Rac1 {[%emt 0:04:17]} Rc7 {[%emt 0:04:27]} 21. Nf3 {[%emt 0:02:17]} b3 {[%emt 0:12:48]} 22. Bb1 {[%emt 0:00:46]} Nxa4 {[%emt 0:06:09]} 23. Nd6 {[%emt 0:07:01]} Bxd6 {[%emt 0:01:14]} 24. exd6 {[%emt 0:00:08]} Qxd6 {[%emt 0:02:44]} 25. Rxc7 {[%emt 0:04:11]} Qxc7 {[%emt 0:00:04]} 26. Qh4 {[%emt 0:01:21]} Nab6 {[%emt 0:01:55]} 27. Rc1 {[%emt 0:02:24]} Qd7 {[%emt 0:02:35]} 28. Ne5 {[%emt 0:00:29]} Qe8 {[%emt 0:00:31]} 29. Rc7 {[%emt 0:00:32]} 1-0

[Event "4NCL Div 1 2018-19"]
[Site "Telford"]
[Date "2019.02.10"]
[Round "6.11"]
[White "Franklin, Samuel G A"]
[Black "Haria, Ravi"]
[Result "1/2-1/2"]
[WhiteElo "2316"]
[BlackElo "2436"]
[Annotator "NA"]
[PlyCount "95"]
[EventDate "2018.11.10"]
[EventType "team-tourn"]
[EventCountry "GBR"]
[SourceTitle "playchess.com"]
[Source "ChessBase"]
[SourceQuality "1"]
[TimeControl "40/6000+30:3000+30"]

1. e4 {[%emt 0:00:00]} e6 {[%emt 0:05:55]} 2. d4 {[%emt 0:00:00]} d5 {[%emt 0:00:06]} 3. Nc3 {[%emt 0:00:34]} Bb4 {[%emt 0:00:11]} 4. e5 {[%emt 0:00:54]} c5 {[%emt 0:00:05]} 5. a3 {[%emt 0:00:53]} Ba5 {[%emt 0:00:06]} 6. b4 {[%emt 0:01:32]} cxd4 {[%emt 0:00:13]} 7. Qg4 {[%emt 0:00:58]} Kf8 {[%emt 0:01:30]} 8. Nb5 {[%emt 0:01:49]} Bb6 {[%emt 0:01:10]} 9. Nf3 {[%emt 0:01:02]} Nc6 {[%emt 0:00:41]} 10. Bb2 {[%emt 0:03:32]} Nge7 {[%emt 0:01:11]} 11. Nbxd4 {[%emt 0:03:15]} h5 {[%emt 0:05:31]} 12. Qf4 {[%emt 0:02:23]} Ng6 {[%emt 0:05:51]} 13. Nxc6 {[%emt 0:01:28]} bxc6 {[%emt 0:00:29]} 14. Qd2 {[%emt 0:00:40]} Nh4 {[%emt 0:06:19]} 15. Ng5 {[%emt 0:31:24]} Qe7 {[%emt 0:07:53]} 16. Qf4 {[%emt 0:13:54]} Ng6 {[%emt 0:02:22]} 17. Qg3 {[%emt 0:01:27]} Bd8 {[%emt 0:14:51]} 18. Nf3 {[%emt 0:02:39]} a5 {[%emt 0:00:56]} 19. Bd3 {[%emt 0:11:10]} Ba6 {[%emt 0:11:13]} 20. O-O {[%emt 0:02:03]} Qd7 {[%emt 0:20:02]} 21. Rfe1 {[%emt 0:04:10]} Bxd3 {[%emt 0:06:45]} 22. cxd3 {[%emt 0:00:03]} Ne7 {[%emt 0:00:07]} 23. Nd4 {[%emt 0:04:59]} Bb6 {[%emt 0:05:11]} 24. Qf4 {[%emt 0:04:49]} h4 {[%emt 0:01:45]} 25. Bc3 {[%emt 0:02:38]} a4 {[%emt 0:02:55]} 26. Rac1 {[%emt 0:01:08]} Rh5 {[%emt 0:01:17]} 27. Qg4 {[%emt 0:01:00]} g6 {[%emt 0:00:56]} 28. Nf3 {[%emt 0:03:19]} Nf5 {[%emt 0:01:05]} 29. d4 {[%emt 0:02:08]} Kg7 {[%emt 0:02:19]} 30. Bd2 {[%emt 0:01:44]} Qa7 {[%emt 0:01:31]} 31. Be3 {[%emt 0:00:55]} Rc8 {[%emt 0:00:58]} 32. h3 {[%emt 0:01:14]} Bd8 {[%emt 0:00:33]} 33. Rc3 {[%emt 0:00:39]} Qa6 {[%emt 0:01:32]} 34. Nd2 {[%emt 0:01:34]} Bb6 {[%emt 0:02:24]} 35. Rec1 {[%emt 0:00:34]} Qb5 {[%emt 0:00:16]} 36. R1c2 {[%emt 0:00:37]} Ba7 {[%emt 0:00:42]} 37. Nf3 {[%emt 0:00:25]} Kg8 {[%emt 0:00:28]} 38. Ne1 {[%emt 0:00:50]} Qb6 {[%emt 0:00:45]} 39. Nf3 {[%emt 0:00:23]} Kg7 {[%emt 0:00:40]} 40. Rc5 {[%emt 0:01:53]} Qa6 {[%emt 0:00:41]} 41. b5 {[%emt 0:19:16]} Qb7 {[%emt 0:09:05]} 42. bxc6 {[%emt 0:04:06]} Qb1+ {[%emt 0:02:47]} 43. Rc1 {[%emt 0:00:39]} Qb2 {[%emt 0:00:13]} 44. R5c3 {[%emt 0:01:03]} Bb6 {[%emt 0:00:46]} 45. R1c2 {[%emt 0:03:55]} Qb1+ {[%emt 0:04:37]} 46. Rc1 {[%emt 0:00:28]} Qb2 {[%emt 0:00:06]} 47. R1c2 {[%emt 0:05:23]} Qb1+ {[%emt 0:03:21]} 48. Rc1 {[%emt 0:00:19]} 1/2-1/2

[Event "4NCL Div 1 2018-19"]
[Site "Telford"]
[Date "2019.02.10"]
[Round "6.12"]
[White "Harvey, Marcus R"]
[Black "Pigott, John C"]
[Result "1/2-1/2"]
[WhiteElo "2399"]
[BlackElo "2388"]
[Annotator "NA"]
[PlyCount "107"]
[EventDate "2018.11.10"]
[EventType "team-tourn"]
[EventCountry "GBR"]
[SourceTitle "playchess.com"]
[Source "ChessBase"]
[SourceQuality "1"]
[TimeControl "40/6000+30:3000+30"]

1. Nf3 {[%emt 1:10:53]} d5 {[%emt 0:00:45]} 2. b3 {[%emt 0:00:06]} c5 {[%emt 0:00:41]} 3. e3 {[%emt 0:00:04]} a6 {[%emt 0:03:34]} 4. Bb2 {[%emt 0:00:29]} Nc6 {[%emt 0:00:10]} 5. Be2 {[%emt 0:00:06]} d4 {[%emt 0:01:43]} 6. exd4 {[%emt 0:04:45]} cxd4 {[%emt 0:00:07]} 7. O-O {[%emt 0:00:03]} g6 {[%emt 0:15:37]} 8. Re1 {[%emt 0:02:35]} Bg7 {[%emt 0:00:39]} 9. Bf1 {[%emt 0:01:42]} Nh6 {[%emt 0:12:20]} 10. d3 {[%emt 0:01:15]} O-O {[%emt 0:01:48]} 11. Nbd2 {[%emt 0:00:07]} Qc7 {[%emt 0:03:52]} 12. a4 {[%emt 0:04:53]} Be6 {[%emt 0:06:32]} 13. Ne4 {[%emt 0:01:01]} Bd5 {[%emt 0:02:59]} 14. a5 {[%emt 0:02:56]} Rfd8 {[%emt 0:04:55]} 15. Ra4 {[%emt 0:00:05]} e5 {[%emt 0:03:14]} 16. Qa1 {[%emt 0:00:36]} Rac8 {[%emt 0:02:57]} 17. Bc1 {[%emt 0:01:31]} f5 {[%emt 0:04:37]} 18. Ng3 {[%emt 0:10:57]} Bxf3 {[%emt 0:07:54]} 19. gxf3 {[%emt 0:00:12]} Nf7 {[%emt 0:00:07]} 20. Bd2 {[%emt 0:01:03]} Bh6 {[%emt 0:00:53]} 21. Bxh6 {[%emt 0:00:55]} Nxh6 {[%emt 0:00:02]} 22. Qc1 {[%emt 0:00:46]} Nf7 {[%emt 0:00:12]} 23. Qd2 {[%emt 0:00:12]} Ne7 {[%emt 0:08:07]} 24. Rc4 {[%emt 0:02:06]} Qd6 {[%emt 0:00:22]} 25. c3 {[%emt 0:03:59]} Rxc4 {[%emt 0:05:43]} 26. dxc4 {[%emt 0:04:57]} Nc6 {[%emt 0:02:34]} 27. b4 {[%emt 0:01:11]} dxc3 {[%emt 0:00:34]} 28. Qxc3 {[%emt 0:00:06]} Ng5 {[%emt 0:06:07]} 29. c5 {[%emt 0:09:02]} Qd2 {[%emt 0:04:39]} 30. Qxd2 {[%emt 0:05:37]} Rxd2 {[%emt 0:02:45]} 31. Kg2 {[%emt 0:03:12]} Kg7 {[%emt 0:00:44]} 32. b5 {[%emt 0:00:20]} axb5 {[%emt 0:00:10]} 33. Bxb5 {[%emt 0:04:23]} Nd4 {[%emt 0:00:24]} 34. Rb1 {[%emt 0:01:43]} Nge6 {[%emt 0:06:11]} 35. Bc4 {[%emt 0:00:46]} Nxc5 {[%emt 0:01:11]} 36. Nf1 {[%emt 0:00:09]} Rc2 {[%emt 0:00:44]} 37. Ne3 {[%emt 0:00:04]} Rc3 {[%emt 0:00:20]} 38. Bd5 {[%emt 0:00:05]} Ndb3 {[%emt 0:01:49]} 39. Nd1 {[%emt 0:07:15]} Rd3 {[%emt 0:00:10]} 40. Bc4 {[%emt 0:00:17]} Rd7 {[%emt 0:00:56]} 41. Bxb3 {[%emt 0:00:05]} Nxb3 {[%emt 0:00:05]} 42. Rxb3 {[%emt 0:00:04]} Rxd1 {[%emt 0:00:04]} 43. Rxb7+ {[%emt 0:00:04]} Kf6 {[%emt 0:05:31]} 44. Rxh7 {[%emt 0:01:09]} Ra1 {[%emt 0:00:05]} 45. Ra7 {[%emt 0:00:03]} Kg5 {[%emt 0:00:34]} 46. Ra8 {[%emt 0:02:27]} Ra3 {[%emt 0:08:59]} 47. a6 {[%emt 0:01:09]} Kf4 {[%emt 0:00:29]} 48. h4 {[%emt 0:00:06]} Ra2 {[%emt 0:04:08]} 49. a7 {[%emt 0:02:49]} Ra1 {[%emt 0:00:24]} 50. Rb8 {[%emt 0:00:43]} Rxa7 {[%emt 0:00:09]} 51. Rb4+ {[%emt 0:00:17]} e4 {[%emt 0:00:12]} 52. fxe4 {[%emt 0:00:24]} fxe4 {[%emt 0:00:05]} 53. Rb6 {[%emt 0:00:20]} Rh7 {[%emt 0:02:11]} 54. Rf6+ {[%emt 0:00:56]} 1/2-1/2

[Event "4NCL Div 1 2018-19"]
[Site "Telford"]
[Date "2019.02.10"]
[Round "6.12"]
[White "Ashton, Adam G"]
[Black "Hawkins, Jonathan"]
[Result "0-1"]
[WhiteElo "2332"]
[BlackElo "2579"]
[Annotator "ChessBase"]
[PlyCount "88"]
[EventDate "2018.11.10"]
[EventType "team-tourn"]
[EventCountry "GBR"]
[SourceTitle "playchess.com"]
[Source "ChessBase"]
[SourceQuality "1"]
[TimeControl "40/6000+30:3000+30"]

1. b3 {[%emt 0:05:54]} e5 {[%emt 0:00:52]} 2. Bb2 {[%emt 0:00:05]} Nc6 {[%emt 0:00:08]} 3. e3 {[%emt 0:02:11]} d5 {[%emt 0:00:23]} 4. Bb5 {[%emt 0:02:49]} Bd6 {[%emt 0:00:10]} 5. f4 {[%emt 0:14:05]} Qh4+ {[%emt 0:00:50]} 6. g3 {[%emt 0:00:06]} Qe7 {[%emt 0:00:06]} 7. Nf3 {[%emt 0:05:13]} f6 {[%emt 0:00:21]} 8. Nc3 {[%emt 0:20:54]} Be6 {[%emt 0:03:14]} 9. Qe2 {[%emt 0:04:41]} Nh6 {[%emt 0:13:31]} 10. O-O-O {[%emt 0:02:24]} a6 {[%emt 0:05:11]} 11. Bxc6+ {[%emt 0:00:29]} bxc6 {[%emt 0:00:06]} 12. h3 {[%emt 0:04:03]} Nf5 {[%emt 0:03:52]} 13. Qg2 {[%emt 0:04:14]} e4 {[%emt 0:03:56]} 14. Nh4 {[%emt 0:05:06]} Nh6 {[%emt 0:29:00]} 15. g4 {[%emt 0:04:06]} Nf7 {[%emt 0:02:22]} 16. Ne2 {[%emt 0:04:31]} Ba3 {[%emt 0:08:54]} 17. Nd4 {[%emt 0:02:18]} O-O {[%emt 0:05:53]} 18. Nhf5 {[%emt 0:02:25]} Bxf5 {[%emt 0:00:51]} 19. Nxf5 {[%emt 0:03:58]} Qc5 {[%emt 0:01:09]} 20. h4 {[%emt 0:07:50]} Nd6 {[%emt 0:02:20]} 21. Nxd6 {[%emt 0:00:25]} cxd6 {[%emt 0:00:16]} 22. d4 {[%emt 0:06:03]} exd3 {[%emt 0:01:16]} 23. Rxd3 {[%emt 0:00:02]} Rfe8 {[%emt 0:01:28]} 24. Qd2 {[%emt 0:00:20]} Re4 {[%emt 0:02:16]} 25. Bxa3 {[%emt 0:01:58]} Qxa3+ {[%emt 0:03:34]} 26. Kb1 {[%emt 0:00:02]} Qc5 {[%emt 0:05:50]} 27. Rc3 {[%emt 0:01:29]} Qb6 {[%emt 0:01:16]} 28. g5 {[%emt 0:00:12]} f5 {[%emt 0:00:25]} 29. h5 {[%emt 0:00:37]} Rae8 {[%emt 0:00:15]} 30. Rh3 {[%emt 0:00:24]} a5 {[%emt 0:03:41]} 31. h6 {[%emt 0:00:12]} g6 {[%emt 0:00:05]} 32. Rd3 {[%emt 0:01:44]} a4 {[%emt 0:05:18]} 33. Qc3 {[%emt 0:00:39]} R8e7 {[%emt 0:00:10]} 34. Rh1 {[%emt 0:01:05]} Qc5 {[%emt 0:02:23]} 35. Qf6 {[%emt 0:01:44]} R4e6 {[%emt 0:01:03]} 36. Qb2 {[%emt 0:01:38]} a3 {[%emt 0:01:22]} 37. b4 {[%emt 0:01:56]} axb2 {[%emt 0:00:37]} 38. bxc5 {[%emt 0:00:02]} dxc5 {[%emt 0:00:09]} 39. Kxb2 {[%emt 0:00:51]} Rxe3 {[%emt 0:00:42]} 40. Kc3 {[%emt 0:00:38]} R3e4 {[%emt 0:01:00]} 41. Rf3 {[%emt 0:04:41]} Ra7 {[%emt 0:02:52]} 42. Rb1 {[%emt 0:01:22]} Rxa2 {[%emt 0:00:06]} 43. Rb8+ {[%emt 0:01:22]} Kf7 {[%emt 0:00:06]} 44. Kb3 {[%emt 0:02:44]} Rea4 {[%emt 0:03:36]} 0-1